Reptiles and mammlas of Indian sub-continent : (Record no. 127483)
[ view plain ]
| 000 -LEADER | |
|---|---|
| fixed length control field | 00716nam a22002297a 4500 |
| 005 - DATE AND TIME OF LATEST TRANSACTION | |
| control field | 20170124110026.0 |
| 010 ## - LIBRARY OF CONGRESS CONTROL NUMBER | |
| LC control number | A-709697 |
| 020 ## - INTERNATIONAL STANDARD BOOK NUMBER | |
| Terms of availability | 00.00 |
| 035 ## - SYSTEM CONTROL NUMBER | |
| System control number | A-709697 |
| 037 ## - SOURCE OF ACQUISITION | |
| Source of stock number/acquisition | Cen Lib/Ret |
| 040 ## - CATALOGING SOURCE | |
| Original cataloging agency | DPL |
| Language of cataloging | EN |
| 082 ## - DEWEY DECIMAL CLASSIFICATION NUMBER | |
| Classification number | 597.9 |
| Item number | CAN |
| 100 ## - MAIN ENTRY--PERSONAL NAME | |
| Personal name | Cantley |
| 9 (RLIN) | 20619 |
| 245 ## - TITLE STATEMENT | |
| Title | Reptiles and mammlas of Indian sub-continent : |
| Statement of responsibility, etc | by Cantley [and] Hodgson |
| Remainder of title | with special reference to Nepal & Himalyas / |
| 260 ## - PUBLICATION, DISTRIBUTION, ETC. (IMPRINT) | |
| Name of publisher, distributor, etc | Cosmo Publications |
| Place of publication, distribution, etc | New Delhi |
| Date of publication, distribution, etc | 1990 |
| 270 ## - ADDRESS | |
| Address | 24-B,Ansari Road, Daryaganj |
| City | New Delhi |
| Postal code | 110002 |
| 300 ## - PHYSICAL DESCRIPTION | |
| Extent | iv,213p. : |
| Dimensions | 20(Hb) |
| Other physical details | ill. |
| 650 ## - SUBJECT ADDED ENTRY--TOPICAL TERM | |
| Topical term or geographic name as entry element | New species. |
| 9 (RLIN) | 20620 |
| 650 ## - SUBJECT ADDED ENTRY--TOPICAL TERM | |
| Topical term or geographic name as entry element | Reptiles. |
| 9 (RLIN) | 20621 |
| 700 ## - ADDED ENTRY--PERSONAL NAME | |
| Personal name | Hodgson |
| 9 (RLIN) | 20622 |
| 942 ## - ADDED ENTRY ELEMENTS (KOHA) | |
| Source of classification or shelving scheme | Dewey Decimal Classification |
| Koha item type | English Books |
| Classification part | 597.9 |
| Call number suffix | CAN |
| Withdrawn status | Lost status | Damaged status | Not for loan | Home library | Current library | Date acquired | Source of acquisition | Cost, normal purchase price | Total Checkouts | Full call number | Barcode | Date last seen | Copy number | Cost, replacement price | Price effective from | Koha item type | Public note |
|---|---|---|---|---|---|---|---|---|---|---|---|---|---|---|---|---|---|
| Written off | Central Library | Central Library | 29/06/2015 | Cen Lib/Ret | 0.00 | 597.9 CAN | A-709697 | 29/06/2015 | 1 | 0.00 | 29/06/2015 | English Books | Written off on approval by DLB (By Circulation); dtd 15-06-2023 |
